000 00831nam a2200277Ia 4500
003 GCL
008 140319s9999 xx 000 0 ara d
020 _a957351977
040 _aGCL /
_cGCL
082 0 4 _aق
_b962.06
_bم م
100 1 _aمحمد التابعى
245 1 0 _aمذكرات سفير /
_cمحمد التابعى
260 _aالقاهرة :
_bدار المعارف
300 _a411 ص ؛
_c19 سم
650 0 4 _aمصر
650 0 4 _aالسودان
650 0 4 _aالعلاقات الخارجية
650 0 4 _aالسلك الدبلوماسى
650 0 4 _aالتراجم الذاتية
650 0 4 _aالفاتيكان
650 0 4 _aالسلك الدبلوماسى والقنصلى
650 0 4 _aالسفراء
650 0 4 _aمحمد التابعى
650 0 4 _aبناما
942 _2ddc
_cBK
999 _c40758
_d40758